000 00613nam a2200229Ia 4500
003 OSt
005 20220923230651.0
006 a|||||r|||| 00| 0
007 ta
008 Pun
024 _a304,598
037 _cTextual
040 _aARTS
_cARTS
_bPun
041 _2Pun
_aPun
082 _aY:1.236, 153M4
100 _aਖ਼ਰੈ੍ਵਕ, ਗੁਰਬ॥F ਸਿੰਘ
245 0 _aਸਭਿਆਚਾਰ
260 _c1984
650 _aਸਮਾਜ Fਾਸਤਰ
942 _hY:1.236, 153M4
_cTEXL
_2CC
999 _c386408
_d386408